Various Firearms. - Statistics

General Stats
  • This quiz has been taken 101 times
  • The average score is 2 of 15
Answer Stats
Hint Answer % Correct
Most ubiquitous and recognizable rifle in the modern world. AKM
89%
Line of firearms developed in the '60's that fired small rockets. Gyrojet
33%
Rifle firing a caseless round also competed in the Advanced Combat Rifle program. Heckler & Koch G11
33%
Submachine gun primarily chambered for .22LR American 180
24%
Swiss anti-tank rifle Solothurn S18-100
13%
Standard service rifle of the Singaporean Armed Forces. SAR 21
12%
Bolt action 20mm rifle of South African origin. Denel NTW-20
11%
Rifle incorporated into a parody song, sang by US troops during the Philippine-American War Krag-Jorgensen
8%
Light machine gun currently in testing and prototype phase with the US Army. LSAT light machine gun
8%
Classic American shotgun that became the inspiration for many modern combat shotguns to date. Winchester Model 12
7%
Sporting pistol designed by John Browning in 1915. Colt Woodsmen
3%
Cuban anti-material rifle. Mambi
1%
Big game rifle produced by Remington. Remington Model 700 African Big Game
1%
Flechette firing rifle that competed in the Advanced Combat Rifle program. Steyr ACR
1%
Rifle fielded by the Germans in late 1944, early 1945 VK.98
1%
No matching quizzes found
Score Distribution
Percent of People with Each Score
Percentile by Number Answered
Your Score History
You have not taken this quiz